| 000 | 00825nab a2200253 u 4500 | ||
|---|---|---|---|
| 001 | 20259 | ||
| 003 | HDC | ||
| 007 | cr bn ---aaaaa | ||
| 008 | 210304c20091114xx dr|noo 0 a eng d | ||
| 040 | _aHDC | ||
| 245 | 0 | _aTurkey wants more palm oil to boost halal food supply | |
| 260 |
_a[No place] : _b[publisher not identified], _c2009 |
||
| 300 | _a1 online resource | ||
| 336 |
_atext _2rdacontent |
||
| 337 |
_acomputer _2rdamedia |
||
| 338 |
_aonline resource _2rdacarrier |
||
| 650 |
_aHalal food supply _zTurkey _918363 |
||
| 650 |
_apalm oil _9212 |
||
| 710 | _aHalal Focus | ||
| 856 | _zRequest full-text at [email protected] | ||
| 942 | _2lcc | ||
| 942 | _cNEWS | ||
| 942 | _kNWSO 006367 | ||
| 999 |
_c17575 _d17575 |
||